Un ministerio idea : (Registro nro. 52601)

Detalles MARC
000 -LEADER
campo de control de longitud fija 01727cam a2200457 4500
003 - IDENTIFICADOR DE NÚMERO DE CONTROL
campo de control PE-LiUPU
005 - FECHA Y HORA DE LA ÚLTIMA TRANSACCIÓN
campo de control 20250731173409.0
020 ## - NÚMERO INTERNACIONAL ESTÁNDAR DEL LIBRO
Número Internacional Estándar del Libro 0 85151 785 4
035 ## - NÚMERO DE CONTROL DEL SISTEMA
Número de control de sistema (Sirsi) i9780851517858
035 ## - NÚMERO DE CONTROL DEL SISTEMA
Número de control de sistema (Sirsi) 46145
035 ## - NÚMERO DE CONTROL DEL SISTEMA
Número de control de sistema (Sirsi) 46145
041 ## - CÓDIGO DE IDIOMA
Código de lengua del texto/banda sonora o título independiente es
044 ## - CÓDIGO DEL PAÍS DE LA ENTIDAD EDITORA/PRODUCTORA
Código MARC del país es
082 04 - NÚMERO DE LA CLASIFICACIÓN DECIMAL DEWEY
Número de clasificación 253.2
Cutter S76 2000
100 1# - ENTRADA PRINCIPAL--NOMBRE DE PERSONA
Nombre de persona Spurgeon, C. H.
Fechas asociadas al nombre 1834-1892
245 13 - MENCIÓN DEL TÍTULO
Título Un ministerio idea :
Resto del título el pastor : su persona y su mensaje
Mención de responsabilidad, etc. C. H. Spurgeon.
250 ## - MENCION DE EDICION
Mención de edición Quinta impresión.
264 #1 - PRODUCCIÓN, PUBLICACIÓN, DISTRIBUCIÓN, FABRICACIÓN Y COPYRIGHT
Producción, publicación, distribución, fabricación y copyright Barcelona :
Nombre del de productor, editor, distribuidor, fabricante El estandarte de la verdad,
Fecha de producción, publicación, distribución, fabricación o copyright [2000]
300 ## - DESCRIPCIÓN FÍSICA
Extensión 365 páginas ;
Dimensiones 23 cm.
505 0# - NOTA DE CONTENIDO CON FORMATO
Nota de contenido con formato El Pastor y su persona -- La mayordomía -- ¡Adelante! -- Un nuevo comienzo -- Luz. Fuego. Fe. Vida. Amor -- Fortaleza en la flaqueza -- Lo que aspiramos ser -- El Pastor y su mensaje -- El poder del predicador y las condiciones para obtenerlo -
526 ## - NOTA DE INFORMACIÓN SOBRE EL PROGRAMA DE ESTUDIO
Nombre del programa Segunda Especialidad En Profecías Bíblicas
526 ## - NOTA DE INFORMACIÓN SOBRE EL PROGRAMA DE ESTUDIO
Nombre del programa Segunda Especialidad En Nuevo Testamento
526 ## - NOTA DE INFORMACIÓN SOBRE EL PROGRAMA DE ESTUDIO
Nombre del programa Segunda Especialidad En Antiguo Testamento
526 ## - NOTA DE INFORMACIÓN SOBRE EL PROGRAMA DE ESTUDIO
Nombre del programa Segunda Especialidad En Estudios Adventistas
526 ## - NOTA DE INFORMACIÓN SOBRE EL PROGRAMA DE ESTUDIO
Nombre del programa Doctorado en teología
526 ## - NOTA DE INFORMACIÓN SOBRE EL PROGRAMA DE ESTUDIO
Nombre del programa Maestría en teología histórica
526 ## - NOTA DE INFORMACIÓN SOBRE EL PROGRAMA DE ESTUDIO
Nombre del programa Maestría en teología bíblica
526 ## - NOTA DE INFORMACIÓN SOBRE EL PROGRAMA DE ESTUDIO
Nombre del programa Maestría en teología
526 ## - NOTA DE INFORMACIÓN SOBRE EL PROGRAMA DE ESTUDIO
Nombre del programa Maestría en misionología
526 ## - NOTA DE INFORMACIÓN SOBRE EL PROGRAMA DE ESTUDIO
Nombre del programa Maestría en liderazgo eclesiástico
526 ## - NOTA DE INFORMACIÓN SOBRE EL PROGRAMA DE ESTUDIO
Nombre del programa Teología
596 ## -
-- 1
650 17 - PUNTO DE ACCESO ADICIONAL DE MATERIA--TÉRMINO DE MATERIA
Término de materia o nombre geográfico como elemento de entrada Iglesias protestantes
Subdivisión general Clero
Fuente del encabezamiento o término embne
650 14 - PUNTO DE ACCESO ADICIONAL DE MATERIA--TÉRMINO DE MATERIA
Término de materia o nombre geográfico como elemento de entrada Pastores protestantes
Subdivisión general Oficio.
859 ## - INFORMACIÓN DE CONTROL LOCAL (RLIN)
-- 63702
-- 253.2
-- S76 2000
942 ## - ELEMENTOS DE ENTRADA SECUNDARIOS (KOHA)
Fuente del sistema de clasificación o colocación Clasificación Decimal Dewey
Tipo de ítem Koha
949 ## - PROCESAMIENTO DE INFORMACIÓN LOCAL (OCLC)
a 253.2 S76 2000
i 63702
l CCODEBUL1
m BUL
t LIBRO
o .STAFF. Colección General
910 ## - DATOS DE OPCIÓN DEL USUARIO (OCLC)
Datos de opción del usuario gl
-- jv
-- 23 cm.
-- 20111010
999 ## - NÚMEROS DE CONTROL DE SISTEMA (KOHA)
-- DEWEY
-- 63702
-- 2022-6-21
-- 2021-11-10
-- 5
-- CCODEBUL1
-- BUL
-- 1
-- 17.00
-- 2
-- 0
-- Y
-- BOOK
-- 2015-7-6
-- TEOLOGIA
-- P35
-- COMPRA
-- .STAFF. Colección General
980 ## - EQUIVALENCIA O REFERENCIA-CRUZADA-MENCIÓN DE SERIE--NOMBRE DE PERSONA/TÍTULO [LOCAL, CANADÁ]
ID del último usuario que modificó el registro 1
Nombre del último usuario que modificó el registro ALBERTO SANCHEZ Responsable de Automatización
Existencias
Visto por última vez Número de inventario Total de préstamos Signatura topográfica completa Código de barras Fecha del último préstamo Copia número Coste, precio de reemplazo Fecha de reemplazo Facultad Tipo de ítem Koha Nota pública Estado de pérdida Fuente del sistema de clasificación o colocación Restricciones de uso No para préstamo Colección Programa académico Biblioteca de origen Biblioteca actual Ubicación en estantería Fecha de adquisición Fuente de adquisición Coste, precio normal de compra
2025-12-03 6 1 253.2 S76 2000 63702 2022-06-21 e1 22.00 2015-07-06   Libros físicos inventario-2023-12-13 No Perdido Clasificación Decimal Dewey No restringido Disponible para préstamos Colección General Teología Biblioteca CRAI UPeU Lima Biblioteca CRAI UPeU Lima Sala principal 2015-07-06 COMPRA 17.00